Criminology : a sociological introduction (Record no. 77407)

MARC details
000 -LEADER
fixed length control field 00673nam a22002417a 4500
005 - DATE AND TIME OF LATEST TRANSACTION
control field 20230629080740.0
008 - FIXED-LENGTH DATA ELEMENTS--GENERAL INFORMATION
fixed length control field 230426b |||||||| |||| 00| 0 eng d
020 ## - INTERNATIONAL STANDARD BOOK NUMBER
International Standard Book Number 9780415640800
Qualifying information Paperback
040 ## - CATALOGING SOURCE
Original cataloging agency CBULib
Transcribing agency CBULib
041 ## - LANGUAGE CODE
Language code of text/sound track or separate title eng
050 ## - LIBRARY OF CONGRESS CALL NUMBER
Classification number HV 6025 Car
100 ## - MAIN ENTRY--PERSONAL NAME
Personal name Carrabine, Eamonn
245 ## - TITLE STATEMENT
Title Criminology : a sociological introduction
Statement of responsibility, etc. / by Eamonn Carrabine
250 ## - EDITION STATEMENT
Edition statement Third edition
260 ## - PUBLICATION, DISTRIBUTION, ETC.
Place of publication, distribution, etc. New York,
Name of publisher, distributor, etc. Routledge,
Date of publication, distribution, etc. 2014
300 ## - PHYSICAL DESCRIPTION
Extent xxvii, 586 pages : illustrations
650 ## - SUBJECT ADDED ENTRY--TOPICAL TERM
Topical term or geographic name entry element CRIMINOLOGY
650 ## - SUBJECT ADDED ENTRY--TOPICAL TERM
Topical term or geographic name entry element CRIME--SOCIOLOGICAL ASPECTS
700 ## - ADDED ENTRY--PERSONAL NAME
Personal name Cox, Pamela
700 ## - ADDED ENTRY--PERSONAL NAME
Personal name Fussey, Pete
700 ## - ADDED ENTRY--PERSONAL NAME
Personal name Hobbs, Dick
942 ## - ADDED ENTRY ELEMENTS (KOHA)
Koha item type MONOGRAPH
999 ## -
-- 77407
-- 77407
Holdings
Withdrawn status Lost status Source of classification or shelving scheme Damaged status Not for loan Collection code Permanent Location Current Location Shelving location Date acquired Source of acquisition Cost, normal purchase price Total Checkouts Full call number Barcode Date last seen Copy number Cost, replacement price Price effective from Koha item type
          Main Library Open Access Collection CBU-MAIN LIBRARY, KITWE. CBU-MAIN LIBRARY, KITWE. General Stacks 04/26/2023 DON-BOOKAID 134.32   HV 6025 Car 751921 04/26/2023 1 161.18 04/26/2023 MONOGRAPH